Egypte /
Main Author:
Format: Book
Language: French
Published:
Paris :
Librairie Hachette,
1950.
Series:
Les Guides bleus.
Subjects:
Tags: Add Tag
Call Number: DT45 .B3 1950
| LEADER | 00837cam a22002651i 4500 | ||
|---|---|---|---|
| 001 | ocm10286472 | ||
| 003 | OSt | ||
| 005 | 20260318070136.0 | ||
| 008 | 840111s1950 fr abe b 000 0 fre | ||
| 010 | |a 51002825 | ||
| 040 | |c ARCE Library | ||
| 043 | |a f-ua--- | ||
| 050 | 4 | |a DT45 .B3 1950 | |
| 100 | 1 | |a Baud, Marcelle, |d 1890-, |e author | |
| 245 | 1 | 0 | |a Egypte / |c par Marcelle Baud. |
| 264 | 1 | |a Paris : |b Librairie Hachette, |c 1950. | |
| 300 | |a xlii, 713 pages : |b illustrations, maps (some folded, some color), plans ; |c 16 cm. | ||
| 490 | 1 | |a Les Guides bleus. | |
| 504 | |a Indications bibliographiques et cartographiques": pages [108]-112. | ||
| 651 | 0 | |a Egypt |v Guidebooks. | |
| 651 | 0 | |a Egypt |x Description and travel |v Guidebooks. | |
| 830 | 0 | |a Les Guides bleus. | |
| 901 | |a reviewed | ||
| 942 | |2 lcc |c BK | ||
| 999 | |c 55568 |d 55568 | ||
